000 00493nam a22001937a 4500
003 OSt
005 20180116183044.0
008 160318b xxu||||| |||| 00| 0 eng d
020 _a9789699330643
040 _cC A PAKISTAN
082 _a657 CA 2015
100 _aICAP
110 _aC A PAKISTAN
245 _aFunctional English
_bStudy Text (AFC-01)
_cC A PAKISTAN
260 _aPAKISTAN
_bC A PAKISTAN
_c2015
300 _a365 p.
_bPB
440 _aFunctional English
942 _2ddc
_cBK
999 _c351353
_d351353